| 000 | 00872cam a2200241 i 4500 | ||
|---|---|---|---|
| 003 | SA-RiAUC | ||
| 005 | 20241204062425.0 | ||
| 008 | 241204s1984 su g 0000p ara c | ||
| 040 |
_aSA-RiAUC _bara _cSA-RiAUC _erda |
||
| 043 | _aa-su--- | ||
| 082 | 0 | 4 | _a811.9531 |
| 090 |
_a811.9531 _bف ق ي |
||
| 100 | 1 |
_aفقي، محمد حسن، _d1332-1425 هجري _eمؤلف. |
|
| 245 | 1 | 2 |
_aالأعمال الكاملة / _cللشاعر محمد حسن فقي. |
| 264 | 1 |
_aجدة : _bالدار السعودية للنشر والتوزيع، _c1984 |
|
| 300 |
_a13 مجلد ؛ _c24سم |
||
| 336 |
_aنص _btxt _2rdacontent _3كتاب |
||
| 337 |
_aبدون وسيط _bn _2rdamedia |
||
| 338 |
_aمجلد _bnc _2rdacarrier |
||
| 650 | 7 |
_aالشعر العربي _zالسعودية _yقرن 14 هجري _2aucsh |
|
| 942 |
_2ddc _cBOOK |
||
| 949 |
_aSA-JeALM _d241204 _ukhaled123 _n1 |
||
| 999 |
_c3002 _d3002 |
||